Tài chính doanh nghiệp căn bản : Lý thuyết & thực hành quản lý ứng dụng cho các doanh nghiệp Việt Nam

محفوظ في:
التفاصيل البيبلوغرافية
المؤلف الرئيسي:  Nguyễn Minh Kiều
التنسيق: Sách
اللغة:Undetermined
منشور في:  Lao động - Xã hội  2013
الموضوعات:
الوسوم: إضافة وسم
لا توجد وسوم, كن أول من يضع وسما على هذه التسجيلة!
Thư viện lưu trữ: Trung tâm Thư viện - Trường Đại học Công nghiệp TP. Hồ Chí Minh
LEADER 00661nam a2200157Ia 4500
001 UIH_05034
008 231011s9999 xx 000 0 und d
082 |a  658.152 
100 |a  Nguyễn Minh Kiều 
245 0 |a  Tài chính doanh nghiệp căn bản : Lý thuyết & thực hành quản lý ứng dụng cho các doanh nghiệp Việt Nam 
245 0 |c  Nguyễn Minh Kiều 
260 |b  Lao động - Xã hội 
260 |c  2013 
650 |a  Tài chính doanh nghiệp; Quản lý tài chính;  
927 |a Sách 
980 |a Trung tâm Thư viện - Trường Đại học Công nghiệp TP. Hồ Chí Minh